| 000 | 01008nam0a22002771 4500 | ||
|---|---|---|---|
| 001 | v19\rc\1566629 | ||
| 005 | 20250618203701.0 | ||
| 035 | _a(NLR Aleph) 004696925 | ||
| 090 |
_a4012986 _c4012986 |
||
| 100 | _a20061002d1891 |||y0rusy50 ca | ||
| 101 | 0 | _arus | |
| 102 | _aRU | ||
| 105 | _ay b ||||| | ||
| 200 | 1 | _aКаталог книг и наглядных пособий, изданных фирмой или принятых на комиссию | |
| 210 |
_a[Санкт-Петербург] _dценз. 1891 |
||
| 215 |
_a16 с. _d30 |
||
| 225 | 1 |
_aТорговый дом Н. Фену и К°, ... в Санкт-Петербурге. Апрель 1891 год. Циркуляр _v№ 9 |
|
| 309 | _aБез тит. л. и обл. | ||
| 702 | 1 |
_aФену _bН. _4570 |
|
| 710 | 0 | 2 |
_aФену, Н. и К°, торг. д. _cПетербург |
| 801 | 0 |
_aRU _bNLR _gpsbo |
|
| 801 | 0 |
_aRU _bRuMoRGB _2psbo |
|
| 801 | 1 |
_aRU _bProSoft-M _2rusmarc |
|
| 852 |
_aNLR _j34.85.3.874(1) |
||
| 942 | _cBOOK | ||
| 980 | _aNB | ||